000 01192naa a22003137a 4500
001 BR7000399
003 BR-BrBNA
005 20240918173400.0
007 ta
008 230509b bl.||||| |||| 00| 0 por d
040 _aBR-BrBNA
_bpor
_cBiblioteca Nacional de Agricultura
041 _a(Pt)
072 _aF22; F23
_b3840
_bG514
090 _aF22 BR7000399
100 1 _aMabesoone, J.M.
111 1 _a24. Congresso Brasileiro de Geologia
_cBrasilia, DF (Brazil)
_dSep 1970
245 1 _aEstudo petrografico comparativo dos calcarios do nordeste [Brasil]
260 3 _aBrasilia, DF (Brasil):
_bFundacao Univesidade de Brasilia. Depto. de Geociencias,
_c1970.
500 _aAnais do 24. Congresso Brasileiro de Geologia Brasilia, DF (Brasil): Fundacao Univesidade de Brasilia. Depto. de Geociencias, 1970. p. 227-236 (BR7000399-AM)F22
650 _aQuimica do solo
650 _aClassificacao do solo
650 _aCalcario
650 _aMineral
650 _aCorretivo
650 _aNordeste
773 0 _tAnais do 24. Congresso Brasileiro de Geologia
_wF22 BR7000399
_gBrasilia, DF (Brasil), 1970. p. 227-236
909 _a202404
_bLucia
_c55
_dLucia Elande
942 _cAM
_2AGRIS
999 _c304301
_d304301